Heat And Mass Transfer data Book (Record no. 5231)

MARC details
000 -LEADER
fixed length control field 00434nam a22001697a 4500
005 - DATE AND TIME OF LATEST TRANSACTION
control field 20170919161233.0
008 - FIXED-LENGTH DATA ELEMENTS--GENERAL INFORMATION
fixed length control field 160914b xxu||||| |||| 00| 0 eng d
022 ## - INTERNATIONAL STANDARD SERIAL NUMBER
ISSN 978-81-224-3123-0
082 ## - DEWEY DECIMAL CLASSIFICATION NUMBER
Classification number 536.2
100 ## - MAIN ENTRY--AUTHOR NAME
Personal name Kothandaraman,C.P & Subramanyan, S
245 ## - TITLE STATEMENT
Title Heat And Mass Transfer data Book
250 ## - EDITION STATEMENT
Edition statement 7th
260 ## - PUBLICATION, DISTRIBUTION, ETC. (IMPRINT)
Name of publisher New Age International
Year of publication 2013
300 ## - PHYSICAL DESCRIPTION
Number of Pages 187
650 ## - SUBJECT ADDED ENTRY--TOPICAL TERM
Topical Term Engineering
942 ## - ADDED ENTRY ELEMENTS (KOHA)
Koha item type Books
Holdings
Lost status Damaged status Home library Current library Shelving location Date acquired Source of acquisition Cost, normal purchase price Full call number Accession Number Koha item type
    JRU Library   SHELF -72- G 14/09/2016 PURCHASE 199.00 536.2 21178 Books
    JRU Library   SHELF-44-J 14/09/2016 PURCHASE 199.00 536.2 21179 Books
    JRU Library   SHELF-44-J 14/09/2016 PURCHASE 199.00 536.2 21180 Books
    JRU Library   SHELF-44-J 14/09/2016 PURCHASE 199.00 536.2 21181 Books
    JRU Library   SHELF-5-D 14/09/2016 PURCHASE 199.00 536.2 21182 Books